<?xml version="1.0" encoding="UTF-8"?>
<record
    xmlns:xsi="http://www.w3.org/2001/XMLSchema-instance"
    xsi:schemaLocation="http://www.loc.gov/MARC21/slim http://www.loc.gov/standards/marcxml/schema/MARC21slim.xsd"
    xmlns="http://www.loc.gov/MARC21/slim">

  <leader>01367nam0a22003251  4500</leader>
  <controlfield tag="001">rc\2226887</controlfield>
  <controlfield tag="005">20250623032032.0</controlfield>
  <datafield tag="035" ind1=" " ind2=" ">
    <subfield code="a">(NLR Aleph) 006543736</subfield>
  </datafield>
  <datafield tag="090" ind1=" " ind2=" ">
    <subfield code="a">6664857</subfield>
    <subfield code="c">6664857</subfield>
  </datafield>
  <datafield tag="100" ind1=" " ind2=" ">
    <subfield code="a">20110826d1978    |||y0rusy50      ca</subfield>
  </datafield>
  <datafield tag="101" ind1="1" ind2=" ">
    <subfield code="a">rus</subfield>
    <subfield code="c">eng</subfield>
  </datafield>
  <datafield tag="102" ind1=" " ind2=" ">
    <subfield code="a">RU</subfield>
  </datafield>
  <datafield tag="105" ind1=" " ind2=" ">
    <subfield code="a">a   z   |||||</subfield>
  </datafield>
  <datafield tag="200" ind1="1" ind2=" ">
    <subfield code="a">&#x41C;&#x43D;&#x43E;&#x433;&#x43E;&#x43A;&#x430;&#x43D;&#x430;&#x43B;&#x44C;&#x43D;&#x44B;&#x435; &#x441;&#x438;&#x441;&#x442;&#x435;&#x43C;&#x44B;. &#x418;&#x441;&#x43F;&#x44B;&#x442;&#x430;&#x43D;&#x438;&#x44F; &#x431;&#x435;&#x43B;&#x44B;&#x43C; &#x448;&#x443;&#x43C;&#x43E;&#x43C;</subfield>
    <subfield code="e">[&#x41F;&#x435;&#x440;. &#x441; &#x430;&#x43D;&#x433;&#x43B;.]</subfield>
    <subfield code="f">&#x41F;&#x43E;&#x434; &#x440;&#x435;&#x434;. &#x412;.&#x421;. &#x420;&#x43E;&#x43C;&#x431;&#x440;&#x43E;</subfield>
  </datafield>
  <datafield tag="210" ind1=" " ind2=" ">
    <subfield code="a">&#x41C;&#x43E;&#x441;&#x43A;&#x432;&#x430;</subfield>
    <subfield code="c">&#x421;&#x432;&#x44F;&#x437;&#x44C;</subfield>
    <subfield code="d">1978</subfield>
  </datafield>
  <datafield tag="215" ind1=" " ind2=" ">
    <subfield code="a">135 &#x441;.</subfield>
    <subfield code="c">&#x438;&#x43B;.</subfield>
    <subfield code="d">21</subfield>
  </datafield>
  <datafield tag="311" ind1=" " ind2=" ">
    <subfield code="a">&#x41F;&#x435;&#x440;&#x435;&#x432;&#x43E;&#x434; &#x438;&#x437;&#x434;.: Multichannel communication systems and white noise testing / M.J. Tant. C Marconi instruments, 1974</subfield>
  </datafield>
  <datafield tag="320" ind1=" " ind2=" ">
    <subfield code="a">&#x411;&#x438;&#x431;&#x43B;&#x438;&#x43E;&#x433;&#x440;.: &#x441;. 131-132</subfield>
  </datafield>
  <datafield tag="454" ind1=" " ind2="0">
    <subfield code="1">2001#$aMultichannel communication systems and white noise testing$fM.J. Tant</subfield>
    <subfield code="1">210##$d1974</subfield>
    <subfield code="1">700#1$aTant$bM.J.</subfield>
    <subfield code="t">Multichannel communication systems and white noise testing</subfield>
    <subfield code="a">Tant, M.J.</subfield>
  </datafield>
  <datafield tag="606" ind1=" " ind2=" ">
    <subfield code="a">&#x422;&#x435;&#x43B;&#x435;&#x444;&#x43E;&#x43D;&#x43D;&#x44B;&#x435; &#x441;&#x435;&#x442;&#x438;, &#x43C;&#x43D;&#x43E;&#x433;&#x43E;&#x43A;&#x430;&#x43D;&#x430;&#x43B;&#x44C;&#x43D;&#x44B;&#x435;</subfield>
    <subfield code="x">&#x41F;&#x43E;&#x43C;&#x435;&#x445;&#x43E;&#x443;&#x441;&#x442;&#x43E;&#x439;&#x447;&#x438;&#x432;&#x43E;&#x441;&#x442;&#x44C;</subfield>
    <subfield code="2">psbo</subfield>
  </datafield>
  <datafield tag="686" ind1=" " ind2=" ">
    <subfield code="a">&#x437;883-07...,0</subfield>
    <subfield code="2">rubbk</subfield>
  </datafield>
  <datafield tag="700" ind1=" " ind2="1">
    <subfield code="a">&#x422;&#x430;&#x43D;&#x442;</subfield>
    <subfield code="b">&#x41C;.&#x414;.</subfield>
    <subfield code="g">&#x41C;&#x438;&#x43A;&#x430;&#x44D;&#x43B; &#x414;.</subfield>
  </datafield>
  <datafield tag="702" ind1=" " ind2="1">
    <subfield code="a">&#x420;&#x43E;&#x43C;&#x431;&#x440;&#x43E;</subfield>
    <subfield code="b">&#x412;.&#x421;.</subfield>
    <subfield code="4">340</subfield>
  </datafield>
  <datafield tag="801" ind1=" " ind2="0">
    <subfield code="a">RU</subfield>
    <subfield code="b">NLR</subfield>
    <subfield code="g">psbo</subfield>
  </datafield>
  <datafield tag="801" ind1=" " ind2="1">
    <subfield code="a">RU</subfield>
    <subfield code="b">ELAR</subfield>
    <subfield code="2">rusmarc</subfield>
  </datafield>
  <datafield tag="852" ind1=" " ind2=" ">
    <subfield code="a">NLR</subfield>
    <subfield code="j">79-5/793</subfield>
  </datafield>
  <datafield tag="899" ind1=" " ind2=" ">
    <subfield code="a">RuMoRGB</subfield>
    <subfield code="j">&#x411; 78-29/907</subfield>
  </datafield>
  <datafield tag="899" ind1=" " ind2=" ">
    <subfield code="a">RuMoRGB</subfield>
    <subfield code="j">&#x411; 78-29/908</subfield>
  </datafield>
  <datafield tag="942" ind1=" " ind2=" ">
    <subfield code="c">BOOK</subfield>
  </datafield>
  <datafield tag="980" ind1=" " ind2=" ">
    <subfield code="a">NB</subfield>
  </datafield>
  <datafield tag="995" ind1=" " ind2=" ">
    <subfield code="5">2013-10-26</subfield>
    <subfield code="b">NLR01</subfield>
    <subfield code="c">NLR01</subfield>
    <subfield code="e">RF9</subfield>
    <subfield code="f">6543736-20</subfield>
    <subfield code="k">79-5/793</subfield>
    <subfield code="o">0</subfield>
    <subfield code="r">BOOK</subfield>
    <subfield code="s">795793_</subfield>
  </datafield>
</record>
